| 000 | 01146nam a2200325 i 4500 | ||
|---|---|---|---|
| 001 | bgj | ||
| 100 | 1 |
_aTWAIN, Mark _d(1835-1910) |
|
| 245 | 1 | 0 |
_aMississippi Writings / _cMark Twain ; [edited by] Guy Cardwell. |
| 250 | _a[9th print.]. | ||
| 260 |
_aNew York : _bLiterary Classics of the United States, _cc. 1982. |
||
| 300 |
_a1084 pp ; _c21 cm. |
||
| 490 | 1 |
_aThe Library of America ; _v5 |
|
| 500 | _aReal name of the author: Samuel Langhorne Clemens. | ||
| 505 | _aContents: The Adventures of Tom Sawyer; Life on the Mississippi; Adventures of Huckleberry Finn; Pudd'nhead Wilson. | ||
| 651 | 9 | _aMississippi River | |
| 655 | _aLiterary collections | ||
| 700 | 1 |
_aCARDWELL, Guy. _eed. |
|
| 700 | 1 |
_aCLEMENS, Samuel Langhorne _d(1835-1910) |
|
| 740 | 0 | 2 | _aThe Adventures of Tom Sawyer |
| 740 | 0 | 2 | _aLife on the Mississippi |
| 740 | 0 | 2 | _aThe adventures of Huckleberry Finn |
| 740 | 0 | 2 | _aPudd'nhead Wilson |
| 830 | _aThe Library of America ; | ||
| 020 | _a0940450070 (hbk, jacket) | ||
| 040 | _cBPK | ||
| 041 | 0 | _aeng | |
| 920 | _a0-940450-07-0 (hbk, jacket) | ||
| 942 | _cKS | ||
| 008 | s uk f |000 0 eng | ||
| 999 |
_c47238 _d47238 |
||